| 000 | 00610nam a2200205 i 4500 | ||
|---|---|---|---|
| 001 | 37292 | ||
| 003 | ES-MaACL | ||
| 005 | 20250809044546.0 | ||
| 007 | t| | ||
| 008 | 030220s1984 sp ||||1| spa d | ||
| 100 | 1 |
_aBustos Ramírez, Juan. _932925 |
|
| 245 | 1 | 0 |
_aManual de derecho penal español _b: parte general / _cJuan Bustos Ramírez. |
| 250 | _a[1ª ed.]. | ||
| 260 |
_aBarcelona : _bAriel, _c[1984] |
||
| 300 |
_aXX, 475 p. ; _c22 cm. |
||
| 490 | 1 | _aAriel derecho. Sección derecho penal | |
| 830 | 0 | 0 |
_aAriel derecho _9178408 |
| 852 |
_aES-MaACL _jL-7118 |
||
| 999 |
_c37292 _d37292 |
||